[Event "Open A"]
[Site "?"]
[Date "2007.09.01"]
[Round "9.4"]
[White "Ptak, Pavel"]
[Black "Kozak, Milos"]
[Result "1/2-1/2"]
[WhiteElo "2162"]
[BlackElo "2213"]
[PlyCount "61"]
[EventDate "2007.09.01"]
[SourceDate "2007.09.01"]

1. g3 d5 2. Nf3 Nf6 3. Bg2 e6 4. O-O Nbd7 5. b3 b6 6. Bb2 Bb7 7. c4 Be7 8. d3
O-O 9. Nbd2 c5 10. e3 Qc7 11. Qe2 Rad8 12. Rad1 Rfe8 13. e4 dxe4 14. dxe4 e5
15. Nh4 Nb8 16. Nf5 Nc6 17. Nf3 Nd4 18. N3xd4 exd4 19. Bc1 Bf8 20. Bg5 Re6 21.
f4 Rde8 22. e5 h6 23. Bxf6 Rxf6 24. Qd3 Bxg2 25. Kxg2 Qc6+ 26. Kg1 Rfe6 27. Nh4
f6 28. Nf3 fxe5 29. fxe5 Be7 30. Rde1 Rf8 31. Re4 1/2-1/2

[Event "Open A"]
[Site "?"]
[Date "2007.09.01"]
[Round "9.5"]
[White "Fojtu, Petr"]
[Black "Purnoch, Josef"]
[Result "1-0"]
[WhiteElo "2121"]
[BlackElo "2184"]
[PlyCount "77"]
[EventDate "2007.09.01"]
[SourceDate "2007.09.01"]

1. d4 Nf6 2. c4 Nc6 3. Nc3 e5 4. d5 Ne7 5. Nf3 Ng6 6. g3 Bc5 7. e3 O-O 8. Bg2
d6 9. Qc2 a6 10. a3 Nh5 11. O-O f5 12. b4 Ba7 13. Na4 Bd7 14. Nb2 Qe7 15. Bd2
Qf6 16. Bc3 f4 17. exf4 Ngxf4 18. gxf4 Nxf4 19. Qe4 Bf5 20. Qxf4 Qe7 21. Qg5
Rf6 22. Rae1 Bh3 23. Nh4 Raf8 24. Bxh3 Rg6 25. Be6+ Qxe6 26. Qxg6 Qh3 27. Qe6+
Qxe6 28. dxe6 Rf4 29. Ng2 Rf3 30. Nd1 Kf8 31. Re4 Ke7 32. Nh4 Rf6 33. Bd2 Kxe6
34. Bg5 Rf8 35. Be3 Bb8 36. f4 g5 37. fxg5 Re8 38. Nf5 Kd7 39. Rh4 1-0

[Event "Open A"]
[Site "?"]
[Date "2007.09.01"]
[Round "9.24"]
[White "Hoskovec, Josef"]
[Black "Fikr, Lukas"]
[Result "1-0"]
[WhiteElo "1988"]
[BlackElo "2134"]
[PlyCount "63"]
[EventDate "2007.09.01"]
[SourceDate "2007.09.01"]

1. e4 c5 2. Nf3 d6 3. c3 Nf6 4. Be2 Nc6 5. d4 e5 6. d5 Ne7 7. Bg5 Nd7 8. Nbd2
Nb6 9. a4 f6 10. a5 Nbxd5 11. exd5 fxg5 12. Nxg5 Nxd5 13. Nde4 Nc7 14. Bh5+ g6
15. Qf3 Qe7 16. Nxd6+ Qxd6 17. Qf7+ Kd8 18. Rd1 Qxd1+ 19. Kxd1 gxh5 20. Qf6+
Be7 21. Qxh8+ Kd7 22. Qxe5 Bd6 23. Qg7+ Kc6 24. Nf7 Be6 25. Nxd6 Kxd6 26. Kc1
Rg8 27. Rd1+ Bd5 28. Qxh7 Rg4 29. Qxh5 Ra4 30. Qh6+ Ke7 31. f4 Re4 32. Qh7+ 1-0

[Event "Open A"]
[Site "?"]
[Date "2007.09.01"]
[Round "9.2"]
[White "Balhar, Jan"]
[Black "Vojta, Tomas"]
[Result "1/2-1/2"]
[WhiteElo "2226"]
[BlackElo "2283"]
[PlyCount "65"]
[EventDate "2007.09.01"]
[SourceDate "2007.09.01"]

1. Nf3 Nf6 2. c4 c5 3. Nc3 Nc6 4. g3 d5 5. cxd5 Nxd5 6. Bg2 Nc7 7. O-O e5 8. d3
Be7 9. Nd2 O-O 10. Nc4 Bd7 11. Bxc6 Bxc6 12. Nxe5 Be8 13. a4 f6 14. Nc4 Kh8 15.
e4 Qd7 16. Qe2 Bf7 17. Be3 Ne6 18. f4 Nd4 19. Qf2 Rac8 20. Rfe1 b6 21. Rab1
Rfe8 22. b3 Red8 23. Bxd4 cxd4 24. Nd5 Bxd5 25. exd5 Bb4 26. Re4 Qxd5 27. Rb2
Re8 28. Rbe2 Qd7 29. Qf3 h6 30. Qh5 Rxe4 31. Rxe4 Bc5 32. Kg2 a6 33. Qh3
1/2-1/2

[Event "Open A"]
[Site "?"]
[Date "2007.09.01"]
[Round "9.8"]
[White "Keller, Daniel"]
[Black "Kubikova, Hana"]
[Result "1-0"]
[WhiteElo "2139"]
[BlackElo "2187"]
[PlyCount "109"]
[EventDate "2007.09.01"]
[SourceDate "2007.09.01"]

1. d4 Nf6 2. c4 g6 3. Nc3 Bg7 4. e4 d6 5. f3 a6 6. Be3 Nc6 7. Qd2 Rb8 8. O-O-O
O-O 9. Kb1 e5 10. d5 Nd4 11. Nge2 Nxe2 12. Bxe2 Bd7 13. Rc1 Re8 14. Rc2 b5 15.
c5 b4 16. Nd1 dxc5 17. Rxc5 Bf8 18. Rc1 a5 19. Nf2 Bd6 20. Rhd1 Ba4 21. Rg1 Bd7
22. Ba6 Qe7 23. Ba7 Ra8 24. Qe3 Rf8 25. Bb7 Rad8 26. Bc6 Bc8 27. Qe2 Nh5 28.
Be3 f5 29. Bb5 f4 30. Bd2 Nf6 31. Nd3 Nd7 32. Be1 Nb6 33. Bf2 Rf7 34. Rgd1 Bd7
35. Bxd7 Nxd7 36. Rc4 Rb8 37. Rdc1 Rff8 38. Rc6 Rb7 39. Ra6 Rfb8 40. Rxa5 Qd8
41. Ra6 Rb5 42. h3 Qg5 43. Bg1 Qd8 44. b3 Qf8 45. Qc2 R8b7 46. Ra7 Rxa7 47.
Bxa7 Ra5 48. Qc6 Nf6 49. Bg1 Nh5 50. Nxe5 Ng3 51. Nc4 Ra8 52. Rc2 Rb8 53. Qd7
Re8 54. Nxd6 cxd6 55. Rc7 1-0

[Event "Open A"]
[Site "?"]
[Date "2007.09.01"]
[Round "9.16"]
[White "Blumel, Otto"]
[Black "Tejkal, Jiri"]
[Result "1-0"]
[WhiteElo "2234"]
[BlackElo "2018"]
[PlyCount "89"]
[EventDate "2007.09.01"]
[SourceDate "2007.09.01"]

1. e4 c5 2. Nf3 Nc6 3. Nc3 d6 4. Bb5 Bd7 5. Bxc6 Bxc6 6. d4 g6 7. dxc5 dxc5 8.
Qe2 Bg7 9. O-O Nh6 10. Qc4 Qb6 11. Nd5 Bxd5 12. Qxd5 Rd8 13. Qg5 f6 14. Qh4 Nf7
15. a4 e5 16. Ra3 Qe6 17. Be3 b6 18. a5 O-O 19. axb6 axb6 20. Rfa1 Rd7 21. h3
Rfd8 22. Qg4 Qc6 23. Ne1 Bh6 24. Bxh6 Nxh6 25. Qe2 Rd4 26. Re3 Nf7 27. Nf3 R4d7
28. h4 Qe6 29. Rb3 f5 30. g3 f4 31. Kg2 h6 32. Ra6 Rb8 33. Qb5 Rdb7 34. Rd3 g5
35. b3 Nd6 36. Qc6 Rd7 37. hxg5 hxg5 38. Nxg5 Qe7 39. Qd5+ Kg7 40. Ne6+ Kf6 41.
Nxc5 bxc5 42. Rxd6+ Rxd6 43. Qxd6+ Qxd6 44. Rxd6+ Kg5 45. Re6 1-0

[Event "Open A"]
[Site "?"]
[Date "2007.09.01"]
[Round "9.6"]
[White "Voracek, Miroslav"]
[Black "Herejk, Petr"]
[Result "1/2-1/2"]
[WhiteElo "2153"]
[BlackElo "2178"]
[PlyCount "80"]
[EventDate "2007.09.01"]
[SourceDate "2007.09.01"]

1. d4 Nf6 2. c4 c5 3. d5 b5 4. cxb5 a6 5. b6 e6 6. Nc3 Nxd5 7. Nxd5 exd5 8.
Qxd5 Nc6 9. Nf3 Rb8 10. e4 Be7 11. Bc4 O-O 12. O-O Rxb6 13. Qh5 Qe8 14. Re1 d6
15. b3 Bf6 16. Rb1 Be6 17. Bg5 Qe7 18. Rbd1 Bxc4 19. bxc4 Rb2 20. Rd5 Bxg5 21.
Nxg5 h6 22. Nf3 Rxa2 23. h3 Rb8 24. e5 dxe5 25. Nxe5 Nxe5 26. Rdxe5 Qf6 27. Rf5
Qg6 28. Qxg6 fxg6 29. Rxc5 Rbb2 30. Rc8+ Kh7 31. Ree8 g5 32. Rh8+ Kg6 33. Rc6+
Kf7 34. Rc7+ Kg6 35. Rc6+ Kf7 36. Ra8 Rxf2 37. Rc7+ Kg6 38. Rxa6+ Kh7 39. Rxa2
Rxa2 40. Kh2 Kg6 1/2-1/2

[Event "Open A"]
[Site "?"]
[Date "2007.09.01"]
[Round "9.12"]
[White "Rmoutil, Martin"]
[Black "Drabek, Vojtech"]
[Result "0-1"]
[WhiteElo "2002"]
[BlackElo "2142"]
[PlyCount "68"]
[EventDate "2007.09.01"]
[SourceDate "2007.09.01"]

1. e4 c5 2. Nf3 d6 3. d4 cxd4 4. Nxd4 Nf6 5. Nc3 g6 6. Bc4 Bg7 7. O-O O-O 8.
Be3 Ng4 9. Bg5 Nc6 10. Nxc6 bxc6 11. Qd2 h6 12. Bf4 Kh7 13. Rad1 Qa5 14. Bb3
Ba6 15. Rfe1 Rad8 16. h3 Ne5 17. Ne2 Qc7 18. Be3 Nc4 19. Bxc4 Bxc4 20. b3 Ba6
21. Bd4 e5 22. Bc3 Qc8 23. Bb4 f5 24. Nc3 Rf7 25. Ba5 Rdd7 26. Na4 fxe4 27.
Rxe4 d5 28. Rg4 c5 29. Qc3 Be2 30. Rd2 Bxg4 31. hxg4 c4 32. Qh3 cxb3 33. axb3
Qc6 34. Re2 Qb5 0-1